000
00342nam a2200145Ia 4500
008
150201s2007 xx 000 0 und d
082
_a
616.01
_b
C07T
100
_a
THOMAS, PHILIP A.
245
_a
CLINICAL MICROBIOLOGY
250
_a
1ST
260
_b
ORIENT LONGMAN
_a
HYD
_c
2007
300
_a
654
650
_a
MICROBIOLOGY
942
_2
ddc
_c
BK
999
_c
2172
_d
2172